00663nam a2200205Ia 4500003000900000008004100009040001300050040001300063041000900076100005900085245004600144250000900190260001300199260000900212300001200221490000600233942000700239999001700246952019400263IT-RoPAU120407s9999 xx 000 0 und d aIT-RoPAU cIT-RoPAU alat  aCommissio (pont.) Pro Nova Vulgata Bibliorum editione. a"V. T. Liber Psalmorum. N. T. Evangelia." aRoma aVaticana c1969 c24,5 cm v1 cBK c18479d18479 00102ddc406220_40000000000000071aPAULUSbPAULUSd2012-04-11l0o220.4r2012-04-11 00:00:00w2012-04-11yBKzInserito da: Anna In data: 14 luglio 2011 fondo: Via A.Severo 56 Progr:36403